00493nam a2200133 a 450000100100000000500170001000800410002704000250006808200140009311101190010724500620022626000510028830000200033900002867320200930055053.0110411s1979 dr 000 0 spa d aDO-SdBNPbspacBNPHU axxxbC7491 aCongreso nacional central general de trabajadores-CGTn(1:d1979: 30, 31 de marzo y 1ro. de abrilcSanto Domingo )10aPrimer congreso nacional central general de trabajadores. aSanto Domingo :bEditora Alfa y Omegoa,c1979. a71 p. ;c22 cm.